| 000 | 00647nam a2200229 a 4500 | ||
|---|---|---|---|
| 999 |
_c6436 _d6436 |
||
| 001 | 3046 | ||
| 003 | BD-DhUAP | ||
| 005 | 20201231113724.0 | ||
| 008 | 201231s1988 ii a 001 0 eng d | ||
| 020 | _a8170291046 | ||
| 040 |
_aDLC _cDLC _dDLC _dBD-DhUAP _beng |
||
| 082 | 0 | 0 |
_a005.133 TOW _223 |
| 100 | 1 | _aTownsend, Carl. | |
| 245 | 1 | 0 |
_aIntroduction to turbo prolog / _cCarl Townsend. |
| 250 | _a1st ed. | ||
| 260 |
_aNew Delhi : _bBPB publications, _cc1988. |
||
| 300 |
_axvi, 315 pages : _billustrations ; _c21 cm. |
||
| 500 | _aIncludes index. | ||
| 630 | 0 | _aTurbo prolog. | |
| 650 | 0 | _aProlog (Computer program language) | |
| 942 | 0 | 0 |
_2ddc _cBK |